Geografía universal / (Record no. 20525)
[ view plain ]
| 000 -CABECERA | |
|---|---|
| fixed length control field | 01072nam a22002657a 4500 |
| 003 - IDENTIFICADOR DEL NÚMERO DE CONTROL | |
| control field | AR-CdUCM |
| 008 - DATOS DE LONGITUD FIJA--INFORMACIÓN GENERAL | |
| fixed length control field | 190409b ||||| |||| 00| 0 spa d |
| 040 ## - FUENTE DE LA CATALOGACIÓN | |
| Agencia/entidad que catalogó originalmente la obra | MUNICIPALIDAD PROVINCIAL DEL CUSCO |
| Entidad que transcribió la catalogación | BIBLIOTECA MUNICIPAL DEL CUSCO |
| 082 ## - NÚMERO DE LA CLASIFICACIÓN DECIMAL DEWEY | |
| No. de Clasificación | 990.25 / |
| Notacion interna | V63 |
| 100 ## - ENTRADA PRINCIPAL--NOMBRE DE PERSONA | |
| Nombre Personal | Vidal de la Blache, P. |
| 245 ## - MENCIÓN DE TÍTULO | |
| Título | Geografía universal / |
| 260 ## - PUBLICACIÓN, DISTRIBUCIÓN, ETC. | |
| Lugar de publicación, distribución, etc. | Barcelona : |
| Nombre de la editorial, distribuidor, etc. | Montaner y simon, S.A, |
| Fecha de publicación, distribución, etc. | 1928. |
| 300 ## - DESCRIPCIÓN FÍSICA | |
| Nº de Páginas Extensión | v tomos ; |
| Otros detalles físicos | ilustraciones, mapas, |
| Dimensiones | 28 cm. |
| 440 ## - MENCIÓN DE SERIE/PUNTO DE ACCESO ADICIONAL--TÍTULO | |
| Título | Geógrafos Españoles e Hispano-Americanas |
| 9 (RLIN) | 42911 |
| 505 ## - NOTA DE CONTENIDO CON FORMATO | |
| Nota de contenido formateada | Contenido : t.5 : Europa central Suiza, Austria, Hungría, Checoeslovaquia, Polonia, Rumania -- t.20 : América del sur Guayanas Brasil -- t.21 :países andinos -- Venezuela -- Colombia... |
| 650 ## - PUNTO DE ACCESO ADICIONAL DE MATERIA--TÉRMINO DE MATERIA | |
| Descriptor | Geografía universal |
| 9 (RLIN) | 30540 |
| 650 ## - PUNTO DE ACCESO ADICIONAL DE MATERIA--TÉRMINO DE MATERIA | |
| Descriptor | Enciclopedias |
| 9 (RLIN) | 6681 |
| 650 ## - PUNTO DE ACCESO ADICIONAL DE MATERIA--TÉRMINO DE MATERIA | |
| Descriptor | Países andinos |
| 9 (RLIN) | 39016 |
| 700 ## - PUNTO DE ACCESO ADICIONAL--NOMBRE DE PERSONA | |
| Nombre Personal | L.Gallois |
| 9 (RLIN) | 30541 |
| 700 ## - PUNTO DE ACCESO ADICIONAL--NOMBRE DE PERSONA | |
| Nombre Personal | Martonne, Emm de |
| 9 (RLIN) | 42912 |
| 700 ## - PUNTO DE ACCESO ADICIONAL--NOMBRE DE PERSONA | |
| Nombre Personal | Villanueva Lopez Moreno, Luis (traductor) |
| 9 (RLIN) | 42913 |
| 700 ## - PUNTO DE ACCESO ADICIONAL--NOMBRE DE PERSONA | |
| Nombre Personal | Villar, E. H. del (traductor) |
| 9 (RLIN) | 42914 |
| 942 ## - ELEMENTOS DE PUNTO DE ACCESO ADICIONAL (KOHA) | |
| Fuente de clasificación | |
| Tipo de item | Libros-BMC |
| 945 ## - PROCESAMIENTO DE INFORMACIÓN LOCAL (OCLC) | |
| Catalogador | rcc |
No items available.